Ptaki i nie tylko - Statystyki

Ogólne statystyki
  • Ten quiz został rozwiązany 103 razy
  • Średni wynik to 8 z 15
Statystyki odpowiedzi
Opis obiektu Nazwa ptaka i obiektu % Poprawnych
Duży ptak, liczny w Polsce i rodzaj dźwigu Żuraw
93%
Gatunek czapli i owad mylony z trzmielem Bąk
83%
Gatunek kaczki oraz rozrywki umysłowej Krzyżówka
80%
Grecka wyspa oraz niewielki czarny ptak Kos
70%
Gatunek sowy lub rodzaj czapki Uszatka
70%
Może być ruda, czarna, ale i czubajka Kania
66%
Gatunek czapli i dziecięca zabawka Bączek
58%
Zimująca w Polsce kaczka lub sprzęt AGD Lodówka
49%
Żółty, letni ptak lub dopływ Wisły Wilga
49%
Siewkowiec lub jednostka wojskowa Batalion
41%
Gatunek nura albo formacja z lodu np. w Alpach Lodowiec
40%
Partykuła, bądź mały, żółty łuszczak Czyż
39%
Pilnuje owiec, ale i jest niewielkim ptakiem Pasterz
39%
Postać z bardzo znanej baśni lub czarny ptak z pomarańczowym ogonem Kopciuszek
36%
Gatunek kaczki lub miasto na Dolnym Śląsku Czernica
15%
Nie znaleziono quizów pasujących do podanych kryteriów
Rozkład punktacji
Procent ludzi z każdym wynikiem
Percentyl według liczby udzielonych odpowiedzi
Twoja historia wyników
Nie rozwiązałeś tego quizu